Laporan tahunan =
| Corporate Author: | |
|---|---|
| Format: | Book |
| Published: |
Kuala Lumpur:
MATRADE,
2012.
|
| Subjects: |
| LEADER | 00544cam a2200157 7i4500 | ||
|---|---|---|---|
| 001 | 0000029290 | ||
| 005 | 20130311090000.0 | ||
| 090 | 0 | 0 | |a MAT 380.1 |b MAL |
| 110 | 2 | 0 | |a Malaysian External Trade Development Corporation (MATRADE) |
| 245 | 2 | 0 | |a Laporan tahunan = |l Annual report 2011 MATRADE. |
| 260 | 0 | 0 | |a Kuala Lumpur: |b MATRADE, |c 2012. |
| 300 | # | # | |a 177 p. |
| 650 | 0 | 0 | |a MATRADE -- |x Annual report -- |z Malaysia |
| 650 | 0 | 0 | |a Trade -- |x Annual report -- |z malaysia |
| 651 | 0 | 0 | |a Malaysia |
| 999 | |a 0000032092 |b Book |c MATRADEs Collection |e Business Information Centre | ||